000 00531nam a2200229Ia 4500
003 OSt
005 20220924142549.0
006 a|||||r|||| 00| 0
007 ta
008 ASM
024 _a302376
037 _cTextual
040 _aARTS
_cARTS
_bASM
041 _2ASM
_aASM
082 _aU8.2, 158M0
100 _aDevi Labanyamayee
_9213613
245 0 _aBharat tirthar bate bate
260 _c1980
650 _aGEOGRAPHY
942 _hU8.2, 158M0
_cTEXL
_2CC
999 _c451097
_d451097